000 01292cab a2200241 4500
001 X1649
008 090401t1994 xxu||||| |||| 00| 0 eng d
035 _a(Sirsi) u18399
041 _aeng
245 _aLake District Special Planning Board and Windermere Marina Village Ltd
260 _c1994
350 _a0
490 _aPlanning Appeal Decisions
_v(1994) 9 PAD 487-494(8)
520 _aDecision letter 29 March 1994. Enforcement notice - use of widened access permitted temporarily - use to cease when building works in adjacent site ceased or by date specified - use continued - notice required use to cease - whether requirement of notice such that cessation of lawful use involved - validity of notice - resoltution of difficulties by use of unilateral undertaking (subject to amendment) - permissions granted to retain access without complying with original condition but subject to further conditions controlling use of access and the carrying out of improvements including landscaping.
650 _aENFORCEMENT NOTICE
650 _aPLANNING AND COMPENSATION ACT 1991
650 _aPLANNING APPEAL
650 _aTOWN AND COUNTRY PLANNING ACT 1990
650 _aVALIDITY OF NOTICE
690 _aPLANNING LAW AND PRACTICE-CASE LAW
942 _n0
948 _c04/03/1997
999 _c12222
_d12222